000 00409nam a2200181Ia 4500
005 20250423101535.0
008 250422s9999 xx 000 0 und d
020 _a978-030-240-9
050 _aPZ 4. I25/
100 _aIke, Chukwuemeka
245 0 _aToads for Supper
260 _aIbadan
260 _bUniversity press ltd
260 _c2008
300 _a192 p
650 _aLiterature
942 _cBK
999 _c36590
_d36590